000
00349nam a2200157Ia 4500
003
OSt
005
20240115123112.0
008
170524s9999 xx 000 0 und d
020
_a
9788126521548
040
_c
IIMT UNIVERSITY
100
_a
Black- Ken
100
_c
2011
245
0
_a
BUSINESS STATISTICS
260
_a
Wiley India
942
_2
ddc
_c
02
999
_c
2489
_d
2489